| 000 | 00656nam a2200205 i 4500 | ||
|---|---|---|---|
| 001 | 89614 | ||
| 003 | ES-MaACL | ||
| 005 | 20260617125231.0 | ||
| 007 | t| | ||
| 008 | 050111s1920 fr ||||1| fre d | ||
| 100 | 1 |
_aLasserre, Pierre. _970470 |
|
| 245 | 1 | 4 |
_aLes chapelles litteraires _b: Claudel, Jammes, Peguy / _cPierre Lasserre. |
| 260 |
_aParís : _bLibrairie Garnier, _c1920 ( _eAbbeville : _fF. Paillart) |
||
| 300 |
_a252 p. ; _c19 cm. |
||
| 600 | 0 | 4 |
_aClaudel, Paul, _d1868-1955- _xCrítica e interpretación _939086 |
| 600 | 0 | 4 |
_aJammes, Francis. _965987 |
| 600 | 0 | 4 |
_aPéguy, Charles. _989969 |
| 852 |
_aES-MaACL _jF-11368 |
||
| 999 |
_c89614 _d89614 |
||